000 00789cam a22002291 4500
001 af 48003928
003 DLC
005 20260227110905.0
008 840416s1947 gw ac b 000 1 ger c
010 _aaf 48003928
035 _a(OCoLC)10631228
040 _aYale Univ. Library
_cNhD
_dDLC
042 _apremarc
050 0 0 _aPT2638.W269
_bR8
100 1 _aSchwarz, Georg,
_d1902-
245 1 0 _aRund um den Weinberg;
_bErzählungen.
260 _a[Bad Wörishofen]
_bDrei-Säulen-Verlag
_c[1947]
300 _a78, [1] p.
_billus., port.
_c18 cm.
440 4 _aDas Kleine Säulenbuch,
_vBd. 3
504 _a"Bibliographie": p. [79]
505 0 _aDer Hund des Doktor Faust.--Das feuerflammende Haupt.--Das Wasserkonzert.--Eine Pfingstpredigt.--Frucht von meinem Traum; ein Selbstporträt.
999 _c5838
_d5838